Klinische und experimentelle Untersuchungen zur Frage der Silikonisierung der Oberfläche von zentralen Venenkathetern /

Hlavní autor: Hartung, Edmund
Korporativní autor: Bayerische Julius-Maximilians-Universität Würzburg. Medizinische Fakultät
Jazyk: Němčina
Vydáno: Würzburg : E. Hartung, 1983
Fyzický popis: 54, 8 s.
Knihy
Uloženo v:
LEADER 00845nam a22002172a 4500
001 001100774
003 CZ BrMZK
005 20101111213450.0
007 ta
008 100608s1983 gw er|||||||||||ger d
040 |a BOA001  |b cze 
100 1 |a Hartung, Edmund  |4 dis 
245 1 0 |a Klinische und experimentelle Untersuchungen zur Frage der Silikonisierung der Oberfläche von zentralen Venenkathetern /  |c Edmund Hartung 
260 |a Würzburg :  |b E. Hartung,  |c 1983 
300 |a 54, 8 s. 
502 |a Disertace--Bayerische Julius-Maximilians-Universität Würzburg, Medizinische Fakultät, 1983 
710 2 |a Bayerische Julius-Maximilians-Universität Würzburg.  |b Medizinische Fakultät 
910 |a BOA001  |b 2-0875.443 
990 |a BK 
991 |b 201006 
996 7 |b 2619319351  |c 2-0875.443  |l MZK  |r Sklad / do 1 hodiny  |n 0  |w 001127447  |u 000010  |a 1  |e BOA001  |j MZK50  |s A